| 000 | 01107nam a2200229 a 4500 | ||
|---|---|---|---|
| 001 | 15190 | ||
| 003 | CO-ViMGA | ||
| 008 | 141112s2004 ck r 000 u spa d | ||
| 020 | _a9701033612 | ||
| 040 |
_aCO-ViMGA _bspa _cCO-ViMGA |
||
| 082 | 0 | 4 | _a519.5 L453 |
| 100 | 1 |
_aLind, Douglas; Mason, Robert D.; Marchal, William G. _922059 |
|
| 245 | 1 | 0 | _aEstadística para administración y economía |
| 250 | _a3 | ||
| 260 |
_aMexico, _cMcGraw Hill, _c2001 |
||
| 300 | _a575.p. | ||
| 505 | _aEstadistica Descripción de datos Medidas de posición y dispersión Concepto de probabilidad Probabilidad discreta Probabilidad normal Metodos y distribuciones de muestreo Pruebas de Hipotesis - Muestras grandes Pruebas de Hipotesis - Muestras pequeñas Analisis de Varianza Regresión y correlación lineales Análisis de regresión y de correlación multiple Metodos no parametricos ;Aplicaciones de Ji cuadrada Control estadistico de la calidad | ||
| 650 | 1 | 4 |
_aESTADISTICA - ENSEÑANZA _93475 |
| 650 | 1 | 4 |
_aESTADISTICA PARA ADMINISTRACION _922060 |
| 650 | 1 | 4 |
_aESTADISTICA PARA Economía _922061 |
| 942 |
_2ddc _cBK |
||
| 999 |
_c25564 _d25564 |
||